[Event "WC-2018-P-00015"]
[Site "LSS email"]
[Date "2018.01.22"]
[Round "?"]
[White "Buczinski, Henryk"]
[Black "Glowatzky, Tihomir"]
[Result "1/2-1/2"]
[WhiteElo "1837"]
[BlackElo "1926"]
[PlyCount "105"]
[EventDate "2018.02.01"]
[EventType "tourn (corr)"]
[EventRounds "12"]
[EventCountry "GER"]
[SourceTitle "Corr 2022"]
[Source "ChessBase"]
[SourceDate "2021.10.24"]
[SourceVersion "1"]
[SourceVersionDate "2021.10.24"]
[SourceQuality "1"]

1. b3 e5 2. Bb2 Nc6 3. e3 Nf6 4. Bb5 Bd6 5. Na3 Na5 6. Be2 Be7 7. Nc4 Nxc4 8. bxc4 d6 9. Nf3 0-0 10. 0-0 Be6 11. a4 h6 12. d3 Nd7 13. Nd2 c6 14. e4 Qc7 15. Bg4 Bxg4 16. Qxg4 Nf6 17. Qf5 Rfe8 18. c5 Nd7 19. cxd6 Bxd6 20. Kh1 b5 21. f4 exf4 22. g3 Nc5 23. gxf4 Nxa4 24. Bxg7 Kxg7 25. Rg1+ Kf8 26. Nf3 Bxf4 27. Raf1 Be3 28. Nh4 Bxg1 29. Ng6+ Kg8 30. Rxg1 fxg6 31. Rxg6+ Qg7 32. Rxg7+ Kxg7 33. Qd7+ Kf8 34. Qxc6 a6 35. Qxh6+ Kf7 36. d4 Rg8 37. e5 Rg7 38. Qf4+ Kg8 39. Qf6 Raa7 40. Qc6 Rgf7 41. e6 Rf1+ 42. Kg2 Rf8 43. h4 Nb2 44. Kh2 Nc4 45. Qd5 Re7 46. Kh3 Rfe8 47. Qg2+ Rg7 48. Qe4 a5 49. d5 a4 50. Qd4 Nd6 51. Qb6 Nf5 52. d6 Rxe6 53. d7 1/2-1/2

[Event "WC-2017-P-00004"]
[Site "LSS email"]
[Date "2017.01.23"]
[Round "?"]
[White "Glowatzky, Tihomir"]
[Black "Denisov, Timofey"]
[Result "1/2-1/2"]
[WhiteElo "2003"]
[BlackElo "2309"]
[PlyCount "101"]
[EventDate "2017.02.01"]
[EventType "tourn (corr)"]
[EventRounds "12"]
[EventCountry "GER"]
[SourceTitle "Corr 2022"]
[Source "ChessBase"]
[SourceDate "2021.10.24"]
[SourceVersion "1"]
[SourceVersionDate "2021.10.24"]
[SourceQuality "1"]

1. d4 d5 2. c4 c6 3. Nf3 Nf6 4. e3 e6 5. Bd3 dxc4 6. Bxc4 Nbd7 7. 0-0 Bd6 8. Nc3 b5 9. Bd3 Bb7 10. a3 0-0 11. Qc2 h6 12. e4 e5 13. dxe5 Nxe5 14. Nxe5 Bxe5 15. h3 Qc7 16. Be3 Rfe8 17. Rad1 a6 18. f4 Bxc3 19. bxc3 c5 20. e5 Nd5 21. Bc1 c4 22. Bh7+ Kh8 23. Be4 Rad8 24. Rfe1 Kg8 25. Kh2 Ne7 26. Bxb7 Qxb7 27. Be3 g6 28. Bf2 Nf5 29. Qe2 Qc6 30. Rd2 Rxd2 31. Qxd2 h5 32. Rd1 g5 33. Qc2 Qe6 34. g3 Qg6 35. Rd7 g4 36. h4 Nxh4 37. Qxg6+ Nxg6 38. Ra7 Ne7 39. Rxa6 Nf5 40. Rf6 Ng7 41. Rb6 Rd8 42. Rxb5 Rd2 43. Rb8+ Kh7 44. Kg1 Nf5 45. Rb7 Kg8 46. Rb8+ Kg7 47. Rb7 h4 48. gxh4 g3 49. Bxg3 Nxg3 50. e6 Re2 51. exf7 1/2-1/2

[Event "WC-2017-P-00004"]
[Site "LSS email"]
[Date "2017.01.23"]
[Round "?"]
[White "Pech, Jaroslav Sr"]
[Black "Glowatzky, Tihomir"]
[Result "0-1"]
[WhiteElo "1785"]
[BlackElo "2003"]
[PlyCount "56"]
[EventDate "2017.02.01"]
[EventType "tourn (corr)"]
[EventRounds "12"]
[EventCountry "GER"]
[SourceTitle "Corr 2022"]
[Source "ChessBase"]
[SourceDate "2021.10.24"]
[SourceVersion "1"]
[SourceVersionDate "2021.10.24"]
[SourceQuality "1"]

1. e4 c5 2. Nf3 d6 3. d4 cxd4 4. Nxd4 Nf6 5. Nc3 a6 6. Be3 e5 7. Nb3 Be7 8. f3 Be6 9. Qd2 Nbd7 10. g4 0-0 11. 0-0-0 b5 12. g5 b4 13. Ne2 Ne8 14. f4 a5 15. f5 Bc4 16. Ng3 Bxf1 17. Rhxf1 a4 18. Na1 a3 19. b3 Kh8 20. f6 gxf6 21. Nf5 fxg5 22. Qxb4 g4 23. c4 Bg5 24. Qd2 Rg8 25. Bxg5 Qxg5 26. Nc2 Nc5 27. Qxg5 Rxg5 28. Ng3 Ra7 0-1

[Event "WC-2017-P-00004"]
[Site "LSS email"]
[Date "2017.01.23"]
[Round "?"]
[White "Schmidt, Johannes"]
[Black "Glowatzky, Tihomir"]
[Result "0-1"]
[WhiteElo "2051"]
[BlackElo "2003"]
[PlyCount "60"]
[EventDate "2017.02.01"]
[EventType "tourn (corr)"]
[EventRounds "12"]
[EventCountry "GER"]
[SourceTitle "Corr 2022"]
[Source "ChessBase"]
[SourceDate "2021.10.24"]
[SourceVersion "1"]
[SourceVersionDate "2021.10.24"]
[SourceQuality "1"]

1. e4 c5 2. Nc3 Nc6 3. Nf3 g6 4. Bb5 Bg7 5. 0-0 d6 6. e5 dxe5 7. Bxc6+ bxc6 8. Re1 f6 9. b3 Nh6 10. Ba3 Qa5 11. Na4 c4 12. d4 cxd3 13. cxd3 Bg4 14. h3 Bxf3 15. Qxf3 Qd5 16. Qxd5 cxd5 17. Rac1 Kf7 18. Rc7 Nf5 19. Rec1 Rhb8 20. Rd7 Bf8 21. Rcc7 Rc8 22. Bc5 Rxc7 23. Rxc7 a6 24. Nb6 Rd8 25. a4 Ng7 26. Ra7 Ne6 27. b4 Nf4 28. a5 Nxd3 29. Rxa6 d4 30. Ra7 Nxc5 0-1

[Event "WC-2016-P-00003"]
[Site "LSS email"]
[Date "2016.01.22"]
[Round "?"]
[White "Glowatzky, Tihomir"]
[Black "Vio, Mauro"]
[Result "1-0"]
[WhiteElo "2023"]
[BlackElo "1410"]
[PlyCount "43"]
[EventDate "2016.01.28"]
[EventType "tourn (corr)"]
[EventRounds "12"]
[EventCountry "GER"]
[SourceTitle "Corr 2022"]
[Source "ChessBase"]
[SourceDate "2021.10.24"]
[SourceVersion "1"]
[SourceVersionDate "2021.10.24"]
[SourceQuality "1"]

1. Nc3 Nf6 2. e4 e5 3. g3 Bc5 4. Bg2 0-0 5. Nge2 Ng4 6. 0-0 Nc6 7. Nd5 f5 8. exf5 Rxf5 9. d4 exd4 10. b4 d3 11. bxc5 dxe2 12. Qxe2 Nge5 13. f4 Ng6 14. Re1 Rf8 15. Bb2 d6 16. Rad1 a5 17. cxd6 cxd6 18. h4 Rf7 19. h5 Nf8 20. h6 Ne6 21. Qh5 g6 22. Qf3 1-0

[Event "CP-2015-P-00049"]
[Site "LSS email"]
[Date "2015.09.28"]
[Round "?"]
[White "Albesa, Alfredo"]
[Black "Glowatzky, Tihomir"]
[Result "0-1"]
[WhiteElo "1929"]
[BlackElo "2030"]
[PlyCount "81"]
[EventDate "2015.10.01"]
[EventType "tourn (corr)"]
[EventRounds "6"]
[EventCountry "GER"]
[SourceTitle "Corr 2022"]
[Source "ChessBase"]
[SourceDate "2021.10.24"]
[SourceVersion "1"]
[SourceVersionDate "2021.10.24"]
[SourceQuality "1"]

1. d4 f5 2. c4 Nf6 3. g3 g6 4. Bg2 Bg7 5. Nf3 0-0 6. 0-0 d6 7. Nc3 Qe8 8. Be3 c6 9. Qb3 h6 10. Rad1 Nbd7 11. Qa3 Nb6 12. b3 g5 13. Qa5 Qh5 14. d5 c5 15. Nb5 Bd7 16. Nc7 Rac8 17. Ne6 Bxe6 18. dxe6 Ra8 19. Rc1 Qg6 20. Bxc5 dxc5 21. Ne5 Qe8 22. Bxb7 Rc8 23. Qxa7 Rc7 24. Qxb6 Qb8 25. Nd7 Rxb7 26. Nxf6+ Bxf6 27. Qxc5 Kg7 28. Rc2 Qe5 29. Qxe5 Bxe5 30. Rd1 Kf6 31. Rd7 Rb6 32. Ra7 Rfb8 33. Ra4 Kxe6 34. Kg2 Bf6 35. e3 Rc6 36. h3 h5 37. b4 Rcc8 38. Ra6+ Kf7 39. a3 Ke8 40. c5 Ra8 41. Rxa8 0-1

[Event "BI-2015-P-0000"]
[Site "LSS email"]
[Date "2015.04.16"]
[Round "?"]
[White "Glowatzky, Tihomir"]
[Black "D'Oliveira, Marcos Arruda"]
[Result "1-0"]
[WhiteElo "2040"]
[BlackElo "2116"]
[PlyCount "33"]
[EventDate "2015.04.22"]
[EventType "tourn (corr)"]
[EventRounds "10"]
[EventCountry "GER"]
[SourceTitle "Corr 2022"]
[Source "ChessBase"]
[SourceDate "2021.10.24"]
[SourceVersion "1"]
[SourceVersionDate "2021.10.24"]
[SourceQuality "1"]

1. d4 Nf6 2. c4 e6 3. Nf3 d5 4. Nc3 c6 5. Bg5 Nbd7 6. cxd5 exd5 7. e3 Bd6 8. Bd3 0-0 9. Qc2 h6 10. Bh4 Qc7 11. Rc1 a6 12. 0-0 g5 13. Bg3 Bxg3 14. hxg3 Re8 15. Rfe1 Kg7 16. b3 Qd6 17. Qb2 1-0

[Event "BI-2015-P-0000"]
[Site "LSS email"]
[Date "2015.04.16"]
[Round "?"]
[White "Glowatzky, Tihomir"]
[Black "Szabo, Vilmos"]
[Result "0-1"]
[WhiteElo "2040"]
[BlackElo "2426"]
[PlyCount "134"]
[EventDate "2015.04.22"]
[EventType "tourn (corr)"]
[EventRounds "10"]
[EventCountry "GER"]
[SourceTitle "Corr 2022"]
[Source "ChessBase"]
[SourceDate "2021.10.24"]
[SourceVersion "1"]
[SourceVersionDate "2021.10.24"]
[SourceQuality "1"]

1. d4 Nf6 2. c4 e6 3. Nf3 b6 4. a3 Ba6 5. e4 Nxe4 6. Bd3 d5 7. 0-0 Be7 8. cxd5 Bxd3 9. Qxd3 exd5 10. Ne5 f6 11. Ng4 0-0 12. f3 Nd6 13. Nc3 c6 14. Bf4 Re8 15. Rae1 Nd7 16. Ne3 Nf8 17. Rf2 Qd7 18. Rfe2 Rad8 19. Bg3 Nc8 20. b4 b5 21. Nf5 Ng6 22. h4 Bf8 23. h5 Rxe2 24. Rxe2 Nge7 25. Ne3 Nb6 26. Ncd1 Nc4 27. Bf2 Rb8 28. Bg3 Rc8 29. Kf1 Ra8 30. Be1 g6 31. Bh4 gxh5 32. Bxf6 a5 33. bxa5 Nxa5 34. Bxe7 Bxe7 35. Nc3 Bd6 36. Nf5 Bf8 37. a4 b4 38. Nd1 Nc4 39. Nde3 Nxe3+ 40. Rxe3 Rxa4 41. Re5 Qf7 42. Qd2 Ra1+ 43. Kf2 Kh8 44. Qc2 Qg6 45. Qb2 Ra3 46. Nh4 Qf6 47. g3 Bd6 48. Kg2 Ra8 49. Rxh5 Rg8 50. g4 Qf4 51. Nf5 Rxg4+ 52. Kf2 b3 53. Nxd6 Rg8 54. Rh3 Qxd6 55. Qb1 Rg7 56. Qxb3 Qf4 57. Qb2 Rg8 58. Kf1 Qe3 59. Qh2 Qd3+ 60. Kf2 Qxd4+ 61. Kf1 Qa1+ 62. Kf2 Qb2+ 63. Kf1 Qb1+ 64. Kf2 Re8 65. Kg3 Qe1+ 66. Kg4 Rg8+ 67. Kf4 Qc1+ 0-1

[Event "BI-2015-P-0000"]
[Site "LSS email"]
[Date "2015.04.16"]
[Round "?"]
[White "Korchut, Adam"]
[Black "Glowatzky, Tihomir"]
[Result "1/2-1/2"]
[WhiteElo "1803"]
[BlackElo "2040"]
[PlyCount "116"]
[EventDate "2015.04.22"]
[EventType "tourn (corr)"]
[EventRounds "10"]
[EventCountry "GER"]
[SourceTitle "Corr 2022"]
[Source "ChessBase"]
[SourceDate "2021.10.24"]
[SourceVersion "1"]
[SourceVersionDate "2021.10.24"]
[SourceQuality "1"]

1. e4 d5 2. exd5 Qxd5 3. Nc3 Qa5 4. d4 Nf6 5. Nf3 Bf5 6. Ne5 c6 7. g4 Be6 8. Nc4 Qc7 9. Ne3 Nbd7 10. Bg2 Nb6 11. g5 Nfd5 12. Nexd5 Nxd5 13. Nxd5 Bxd5 14. Bxd5 Qa5+ 15. c3 Qxd5 16. Rg1 e6 17. Qg4 0-0-0 18. Bf4 Be7 19. h4 h6 20. gxh6 gxh6 21. 0-0-0 Qxa2 22. Qh5 Rhf8 23. Qe5 Bd6 24. Qf6 Bxf4+ 25. Qxf4 Rd5 26. Qxh6 Rfd8 27. Rg5 Qa1+ 28. Kc2 Qa4+ 29. Kc1 e5 30. Qh7 Rb5 31. Qc2 Qa6 32. Qf5+ Rd7 33. Kb1 Ra5 34. Kc2 Rad5 35. Qf3 f6 36. Qxf6 Qe2+ 37. Rd2 Qe4+ 38. Rd3 exd4 39. Rxd5 Rxd5 40. cxd4 Rf5 41. Qh8+ Kc7 42. Qg7+ Kb6 43. Qg3 a5 44. b3 Rd5 45. f3 Qh7 46. Qf4 Rh5 47. Qe4 Qh6 48. Qe3 Rxh4 49. Qxh6 Rxh6 50. d5 c5 51. d6 Rh8 52. f4 Kc6 53. f5 Kd7 54. Kc3 Rf8 55. Rd5 b6 56. Kc4 Rf6 57. Kb5 Rxd6 58. Rxd6+ Kxd6 1/2-1/2

[Event "BI-2015-P-0000"]
[Site "LSS email"]
[Date "2015.04.16"]
[Round "?"]
[White "Rivas Maceda, Juan"]
[Black "Glowatzky, Tihomir"]
[Result "1-0"]
[WhiteElo "2112"]
[BlackElo "2040"]
[PlyCount "51"]
[EventDate "2015.04.22"]
[EventType "tourn (corr)"]
[EventRounds "10"]
[EventCountry "GER"]
[SourceTitle "Corr 2022"]
[Source "ChessBase"]
[SourceDate "2021.10.24"]
[SourceVersion "1"]
[SourceVersionDate "2021.10.24"]
[SourceQuality "1"]

1. e4 e5 2. Nf3 Nf6 3. d4 Nxe4 4. Bd3 d5 5. Nxe5 Nd7 6. Nxf7 Kxf7 7. Qh5+ Ke6 8. Qe2 Ndf6 9. f3 Kf7 10. fxe4 dxe4 11. Bc4+ Kg6 12. Be3 c5 13. Qf2 cxd4 14. Bxd4 Qc7 15. Nd2 Bb4 16. c3 Ng4 17. Qe2 Rd8 18. Nb3 Bd6 19. 0-0-0 Nf6 20. g4 Be5 21. Kb1 a6 22. Nc5 Bxd4 23. cxd4 h5 24. h3 b5 25. Bb3 Qc6 26. g5 1-0

[Event "WC-2015-P-00013"]
[Site "LSS email"]
[Date "2015.01.19"]
[Round "?"]
[White "Aberbach Peltzman, Angel Sergio"]
[Black "Glowatzky, Tihomir"]
[Result "1/2-1/2"]
[WhiteElo "2219"]
[BlackElo "2025"]
[PlyCount "98"]
[EventDate "2015.01.25"]
[EventType "tourn (corr)"]
[EventRounds "12"]
[EventCountry "GER"]
[SourceTitle "Corr 2022"]
[Source "ChessBase"]
[SourceDate "2021.10.24"]
[SourceVersion "1"]
[SourceVersionDate "2021.10.24"]
[SourceQuality "1"]

1. d4 Nf6 2. c4 e6 3. Nc3 Bb4 4. e3 0-0 5. Bd3 d5 6. Nge2 dxc4 7. Bxc4 e5 8. 0-0 Nc6 9. a3 Bd6 10. d5 Ne7 11. Ng3 c6 12. dxc6 Nxc6 13. b4 Qe7 14. Nce4 Nxe4 15. Nxe4 Rd8 16. Qh5 h6 17. Nxd6 Rxd6 18. b5 Na5 19. Ba2 Be6 20. Qxe5 Rc8 21. Bb2 Qf8 22. Bxe6 Rxe6 23. Qf5 Qc5 24. Qg4 Rg6 25. Qd7 Rd6 26. Qh3 Rcd8 27. Qg4 Rg6 28. Qb4 Qxb4 29. axb4 Nc4 30. Bd4 Nd2 31. Rfd1 Nf3+ 32. Kf1 Nxh2+ 33. Ke2 a6 34. b6 Rxg2 35. Bc5 Re8 36. Rd7 Ng4 37. Rxb7 Rxf2+ 38. Kd3 Rd8+ 39. Kc4 Ne5+ 40. Kb3 Rd3+ 41. Ka4 Nc4 42. b5 axb5+ 43. Kxb5 Rc2 44. Rb8+ Kh7 45. b7 Rb3+ 46. Ka6 Nd2 47. Rc8 Rxb7 48. Kxb7 Nb3 49. Ra3 Nxc5+ 1/2-1/2

[Event "WC-2015-P-00013"]
[Site "LSS email"]
[Date "2015.01.19"]
[Round "?"]
[White "Glowatzky, Tihomir"]
[Black "Mondino, Victor Nilo"]
[Result "1/2-1/2"]
[WhiteElo "2025"]
[BlackElo "2273"]
[PlyCount "55"]
[EventDate "2015.01.25"]
[EventType "tourn (corr)"]
[EventRounds "12"]
[EventCountry "GER"]
[SourceTitle "Corr 2022"]
[Source "ChessBase"]
[SourceDate "2021.10.24"]
[SourceVersion "1"]
[SourceVersionDate "2021.10.24"]
[SourceQuality "1"]

1. d4 Nf6 2. c4 e6 3. Nf3 d5 4. Nc3 Bb4 5. cxd5 exd5 6. Bg5 c5 7. e3 0-0 8. dxc5 Nbd7 9. Rc1 Nxc5 10. Qd4 Bxc3+ 11. Qxc3 Nce4 12. Bxf6 Nxf6 13. Be2 Bg4 14. 0-0 Qb6 15. h3 Rfc8 16. Qa3 Bd7 17. Bd3 a6 18. Nd4 g6 19. b3 Ne8 20. Rfd1 Qd6 21. Qb2 Qe5 22. Qd2 Rxc1 23. Rxc1 Rc8 24. Rxc8 Bxc8 25. Qa5 Qd6 26. Nf3 Bd7 27. Qc3 Ng7 28. Qd4 1/2-1/2

[Event "WC-2015-P-00013"]
[Site "LSS email"]
[Date "2015.01.19"]
[Round "?"]
[White "Korinek, Jaroslav"]
[Black "Glowatzky, Tihomir"]
[Result "1/2-1/2"]
[WhiteElo "1679"]
[BlackElo "2025"]
[PlyCount "77"]
[EventDate "2015.01.25"]
[EventType "tourn (corr)"]
[EventRounds "12"]
[EventCountry "GER"]
[SourceTitle "Corr 2022"]
[Source "ChessBase"]
[SourceDate "2021.10.24"]
[SourceVersion "1"]
[SourceVersionDate "2021.10.24"]
[SourceQuality "1"]

1. e4 e5 2. Nf3 Nf6 3. Nxe5 d6 4. Nf3 Nxe4 5. d4 d5 6. Bd3 Bd6 7. 0-0 0-0 8. c4 c6 9. Re1 Bf5 10. Qc2 Re8 11. Nc3 Na6 12. a3 h6 13. Nxe4 dxe4 14. Bxe4 Qe7 15. Bg5 Qxe4 16. Rxe4 Bxe4 17. Qb3 hxg5 18. Nxg5 Rab8 19. c5 Bd5 20. Qc2 Bf4 21. Qh7+ Kf8 22. Qh8+ Ke7 23. Qxg7 Bxg5 24. Qxg5+ Kd7 25. f3 Rg8 26. Qf5+ Be6 27. Qf4 Rbd8 28. Kf2 Kc8 29. h4 Nc7 30. h5 Nd5 31. Qh4 Rh8 32. Rh1 f5 33. h6 Rh7 34. Re1 Bd7 35. Qh2 Rg8 36. Qd6 Rg5 37. b4 Rh5 38. Qf8+ Kc7 39. Qd6+ 1/2-1/2

[Event "WC-2015-P-00013"]
[Site "LSS email"]
[Date "2015.01.19"]
[Round "?"]
[White "Thurrott, Allan"]
[Black "Glowatzky, Tihomir"]
[Result "1/2-1/2"]
[WhiteElo "2222"]
[BlackElo "2025"]
[PlyCount "54"]
[EventDate "2015.01.25"]
[EventType "tourn (corr)"]
[EventRounds "12"]
[EventCountry "GER"]
[SourceTitle "Corr 2022"]
[Source "ChessBase"]
[SourceDate "2021.10.24"]
[SourceVersion "1"]
[SourceVersionDate "2021.10.24"]
[SourceQuality "1"]

1. e4 e5 2. Nf3 Nf6 3. d4 Nxe4 4. Bd3 d5 5. Nxe5 Nd7 6. Nxd7 Bxd7 7. 0-0 Bd6 8. c4 c6 9. cxd5 cxd5 10. Nc3 Nxc3 11. bxc3 0-0 12. Qh5 g6 13. Qxd5 Qc7 14. g3 Be6 15. Qf3 Qxc3 16. Rb1 Qxd4 17. Be4 Qc4 18. Bxb7 Rad8 19. Bg5 Bg4 20. Qe3 Rb8 21. Rfc1 Qxa2 22. Qd4 Qe6 23. Bd5 Qf5 24. Rxb8 Rxb8 25. Bxf7+ Qxf7 26. Qxg4 Bc7 27. Bh6 Re8 1/2-1/2

[Event "CP-2014-P-00042"]
[Site "LSS email"]
[Date "2014.09.30"]
[Round "?"]
[White "Glowatzky, Tihomir"]
[Black "Gyongyosi, Peter Laszlo"]
[Result "1-0"]
[WhiteElo "2069"]
[BlackElo "841"]
[PlyCount "37"]
[EventDate "2014.10.01"]
[EventType "tourn (corr)"]
[EventRounds "6"]
[EventCountry "GER"]
[SourceTitle "Corr 2022"]
[Source "ChessBase"]
[SourceDate "2021.10.24"]
[SourceVersion "1"]
[SourceVersionDate "2021.10.24"]
[SourceQuality "1"]

1. Nc3 d5 2. e4 d4 3. Nce2 e5 4. Ng3 Nf6 5. Bc4 Bd6 6. Nf3 0-0 7. 0-0 Nc6 8. a3 Bg4 9. h3 Bxf3 10. Qxf3 h6 11. d3 Na5 12. Ba2 c5 13. Nf5 Kh7 14. b4 cxb4 15. axb4 Bxb4 16. Qg3 Rg8 17. Bxf7 Qc7 18. Qg6+ Kh8 19. Bxh6 1-0

[Event "CP-2014-P-00042"]
[Site "LSS email"]
[Date "2014.09.30"]
[Round "?"]
[White "Oliveira, Diogo"]
[Black "Glowatzky, Tihomir"]
[Result "1-0"]
[WhiteElo "2238"]
[BlackElo "2069"]
[PlyCount "101"]
[EventDate "2014.10.01"]
[EventType "tourn (corr)"]
[EventRounds "6"]
[EventCountry "GER"]
[SourceTitle "Corr 2022"]
[Source "ChessBase"]
[SourceDate "2021.10.24"]
[SourceVersion "1"]
[SourceVersionDate "2021.10.24"]
[SourceQuality "1"]

1. e4 e5 2. Nf3 Nc6 3. Bb5 a6 4. Ba4 Nf6 5. 0-0 Be7 6. Re1 b5 7. Bb3 0-0 8. h3 Bb7 9. d3 d6 10. a3 Qd7 11. Nc3 Rfe8 12. Be3 Nd8 13. Ba2 Ne6 14. b4 a5 15. Qb1 Reb8 16. Ne2 Nh5 17. c3 axb4 18. axb4 g6 19. Qc2 Bf6 20. d4 Re8 21. dxe5 dxe5 22. Rad1 Qe7 23. Bd5 c6 24. Bxe6 Qxe6 25. Nc1 Be7 26. Nd3 f6 27. Ra1 Red8 28. Bb6 Rdb8 29. Bc5 Qf7 30. Nd2 Bc8 31. Nb3 Bd7 32. Bxe7 Qxe7 33. Ndc5 Nf4 34. Nxd7 Qxd7 35. Nc5 Qe8 36. Kh2 Kg7 37. Red1 Rxa1 38. Rxa1 Rd8 39. Qa2 Kh6 40. g3 Nh5 41. Qe2 Qe7 42. Ra6 Rd6 43. Qa2 g5 44. Ra7 Qe8 45. Rc7 Ng7 46. Qa7 Qg8 47. Nb7 Rd2 48. Qe3 Qa2 49. Kg2 Kg6 50. Rxc6 Ne8 51. Nc5 1-0

[Event "SB-2014-0-00380"]
[Site "LSS email"]
[Date "2014.08.31"]
[Round "?"]
[White "De Waele, Willy"]
[Black "Glowatzky, Tihomir"]
[Result "0-1"]
[WhiteElo "1938"]
[BlackElo "1923"]
[PlyCount "56"]
[EventDate "2014.08.11"]
[EventType "tourn (corr)"]
[EventRounds "6"]
[EventCountry "GER"]
[SourceTitle "Corr 2015"]
[Source "ChessBase"]
[SourceDate "2015.07.17"]
[SourceVersion "1"]
[SourceVersionDate "2015.07.17"]
[SourceQuality "1"]

1. e4 e5 2. Nf3 Nc6 3. Bb5 a6 4. Ba4 Nf6 5. 0-0 Be7 6. Re1 b5 7. Bb3 0-0 8. c3 d5 9. exd5 Nxd5 10. Nxe5 Nxe5 11. Rxe5 c6 12. d4 Bd6 13. Re2 Qh4 14. g3 Qh3 15. Re4 g5 16. Qe2 f5 17. Re3 f4 18. gxf4 Qh4 19. Rg3 Kh8 20. f5 h6 21. Bxd5 cxd5 22. Be3 Bxf5 23. Nd2 Bxg3 24. hxg3 Qh3 25. Qf1 Kg7 26. Qxh3 Bxh3 27. Nb3 Kg6 28. Nc5 Bf5 0-1